000 00777nam a2200229 a 4500
999 _c11153
_d11153
001 11153
003 BD-JhCC
005 20190921112926.0
008 190604b 2016bg a|||| ||a| 001 0 ben d
020 _a9840756125
035 _a(BD-JhCC)11153
040 _aBD-JhCC
_dBD-JhCC
041 _aben
082 _bPAL 2016
_a344.097
100 _aপালিত, তপন
245 _aমানবতাবিরোধী অপরাধ বিচার আন্দোলন ১৯৭১-২০১৩ /
_cতপন পালিত ।
260 _aঢাকা:
_bবাংলা একাডেমি প্রেস;
_c২০১৬.
300 _a৫৯১ পৃঃ . :
_bill;
_c২২ সেমি.
650 _aHumanities
_xLaw
942 _2ddc
_cBK